| 000 | 00544nam a2200217Ia 4500 | ||
|---|---|---|---|
| 003 | IIN | ||
| 005 | 20240201155156.0 | ||
| 008 | 231217s9999 xx 000 0 und d | ||
| 020 |
_cRs.530.00 _a8185605076 |
||
| 040 |
_aIIN _bEnglish |
||
| 082 |
_a610.730693 _bNAN |
||
| 100 | 1 | _aNancy, S.R. | |
| 245 | 1 |
_aPrinciples and Practice of Nursing _cS.R.Nancy |
|
| 250 | _a5th ed | ||
| 260 |
_bN.R.Brothers _aIndore _c2018 |
||
| 300 | _a[7], 1-410p. | ||
| 440 | _vVol.2 | ||
| 650 | 1 | _aFoundation | |
| 650 | 1 | _aNursing, Practice of | |
| 942 | _cBOOK | ||
| 999 |
_c1296 _d1296 |
||